00341nam a2200133Ia 4500003000400000008004100004020002400045040000800069100001900077245005800096260002600154300001500180365001200195LDD181029s9999 xx 000 0 und d a1412907640cP 24.99 cLDD aSmith, Malcolm 0aPerformance measurement and managementcMalcolm Smith aNew DelhibSagec2005 aviii, 302p bP 24.99